<?xml version="1.0" encoding="UTF-8"?>
<collection xmlns="http://www.loc.gov/MARC21/slim">
<record>
  <controlfield tag="001">98304</controlfield>
  <controlfield tag="005">20231006143303.0</controlfield>
  <datafield tag="024" ind1="8" ind2=" ">
    <subfield code="2">sideral</subfield>
    <subfield code="a">122046</subfield>
  </datafield>
  <datafield tag="037" ind1=" " ind2=" ">
    <subfield code="a">ART-2019-122046</subfield>
  </datafield>
  <datafield tag="041" ind1=" " ind2=" ">
    <subfield code="a">spa</subfield>
  </datafield>
  <datafield tag="100" ind1=" " ind2=" ">
    <subfield code="a">Baltar Rodríguez, J.F.</subfield>
    <subfield code="u">Universidad de Zaragoza</subfield>
    <subfield code="0">(orcid)0000-0003-3852-4654</subfield>
  </datafield>
  <datafield tag="245" ind1=" " ind2=" ">
    <subfield code="a">Un intento de formación de élites criollas: La compañía de Caballeros Americanos de las Guaridas de Corps</subfield>
  </datafield>
  <datafield tag="260" ind1=" " ind2=" ">
    <subfield code="c">2019</subfield>
  </datafield>
  <datafield tag="506" ind1="0" ind2=" ">
    <subfield code="a">Access copy available to the general public</subfield>
    <subfield code="f">Unrestricted</subfield>
  </datafield>
  <datafield tag="520" ind1="3" ind2=" ">
    <subfield code="a">En este trabajo vamos a analizar una circunstancia ciertamente poco conocida, breve en el tiempo, pero que alcanza una especial relevancia: el establecimiento de una Compañía de Caballeros dentro del Real Cuerpo de Guardias de Corps. No es desconocido el carácter elitista de las guardias reales durante el siglo XVIII. La cercanía con el Rey podría significar un fulgurante ascenso dentro de la carrera militar o el acceso a relevantes puestos de carácter político. Con la denominación oficial de Segunda Compañía Española de Caballeros Americanos durante el reinado de Carlos IV se abrió la posibilidad de que los fieles vasallos de América, como se establece en el Real Decreto de constitución, pudieran emplearse en el selecto Real Cuerpo de Guardias de Corps.

This paper analizes a little-known and short circumstance but it is particularly relevant: The establishment of a Knights’ Company in Real Cuerpo de Guardias de Corps. The Royal Guards are known for their elite carácter. The close relationships with the King could mean a stunning promotion in the military career or the Access to relevant public positions. With the oficial name of Segunda Compañía Española de Caballeros Americanos during the reign of Carlos IV, it opened the possibility for American loyal vassals to work in the select Real Cuerpo de Guardias de Corps.</subfield>
  </datafield>
  <datafield tag="540" ind1=" " ind2=" ">
    <subfield code="9">info:eu-repo/semantics/openAccess</subfield>
    <subfield code="a">by-nc-nd</subfield>
    <subfield code="u">http://creativecommons.org/licenses/by-nc-nd/3.0/es/</subfield>
  </datafield>
  <datafield tag="592" ind1=" " ind2=" ">
    <subfield code="a">0.111</subfield>
    <subfield code="b">2019</subfield>
  </datafield>
  <datafield tag="593" ind1=" " ind2=" ">
    <subfield code="a">History</subfield>
    <subfield code="c">2019</subfield>
    <subfield code="d">Q3</subfield>
  </datafield>
  <datafield tag="593" ind1=" " ind2=" ">
    <subfield code="a">Law</subfield>
    <subfield code="c">2019</subfield>
    <subfield code="d">Q4</subfield>
  </datafield>
  <datafield tag="655" ind1=" " ind2="4">
    <subfield code="a">info:eu-repo/semantics/article</subfield>
    <subfield code="v">info:eu-repo/semantics/publishedVersion</subfield>
  </datafield>
  <datafield tag="700" ind1=" " ind2=" ">
    <subfield code="a">Andreu Gálvez, M.</subfield>
  </datafield>
  <datafield tag="710" ind1="2" ind2=" ">
    <subfield code="1">4010</subfield>
    <subfield code="2">470</subfield>
    <subfield code="a">Universidad de Zaragoza</subfield>
    <subfield code="b">Dpto. Dcho.Pe.,Filos.D.e Hª D.</subfield>
    <subfield code="c">Área Hª Dcho. e Instituciones</subfield>
  </datafield>
  <datafield tag="773" ind1=" " ind2=" ">
    <subfield code="g">16 (2019), 1-23</subfield>
    <subfield code="p">Glossae (Murcia)</subfield>
    <subfield code="t">Glossae (Murcia)</subfield>
    <subfield code="x">2255-2707</subfield>
  </datafield>
  <datafield tag="856" ind1="4" ind2=" ">
    <subfield code="s">324237</subfield>
    <subfield code="u">http://zaguan.unizar.es/record/98304/files/texto_completo.pdf</subfield>
    <subfield code="y">Versión publicada</subfield>
  </datafield>
  <datafield tag="856" ind1="4" ind2=" ">
    <subfield code="s">2323344</subfield>
    <subfield code="u">http://zaguan.unizar.es/record/98304/files/texto_completo.jpg?subformat=icon</subfield>
    <subfield code="x">icon</subfield>
    <subfield code="y">Versión publicada</subfield>
  </datafield>
  <datafield tag="856" ind1="4" ind2="1">
    <subfield code="u">https://hdl.handle.net/20.500.12552/5009</subfield>
    <subfield code="z">Texto completo de la revista</subfield>
  </datafield>
  <datafield tag="909" ind1="C" ind2="O">
    <subfield code="o">oai:zaguan.unizar.es:98304</subfield>
    <subfield code="p">articulos</subfield>
    <subfield code="p">driver</subfield>
  </datafield>
  <datafield tag="951" ind1=" " ind2=" ">
    <subfield code="a">2023-10-06-14:07:16</subfield>
  </datafield>
  <datafield tag="980" ind1=" " ind2=" ">
    <subfield code="a">ARTICLE</subfield>
  </datafield>
</record>
</collection>